000 00375nam a2200145Ia 4500
008 100122s9999 xx 000 0 und d
082 _b11358
_a50
245 _aहेमांगी
300 _a175
520 _aदिवाळी - 2003
620 _aदिवाळी - 2003
630 _aहेमांगी
730 _aहेमांगी
942 _cBOOK
999 _c384877
_d384874